000 01543cam a22002771i 4500
003 SA-RiAUC
005 20241020082545.0
008 241019s1996 le g 000 0 ara c
040 _aSA-JeALM
_bara
_cSA-RiAUC
_erda
050 0 0 _bG43. 1996
082 0 4 _a258.3
_qSA-RiAUC
090 _a258.3
_bغ م ر
100 1 _aالغمراوي، محمد الزهري
_eمؤلف.
245 1 2 _aالسراج الوهاج :
_bوهو شرح الشيخ محمد الزهري الغمراوي على متن المنهاج وهو منهاج الطالبين في مختصر المحرر في فروع الشافعية للامام يحيى بن شرف النووي /
_c محمد الزهري الغمراوي.
264 1 _aبيروت :
_bدار الكتب العلمية،
_c1996
300 _a623 صفحة
336 _aنص
_btxt
_2rdacontent
_3كتاب
337 _aبدون وسيط
_bn
_2rdamedia
338 _aمجلد
_bnc
_2rdacarrier
650 7 _aالفقه الشافعي
_2aucsh
650 7 _aصحيح مسلم
_2aucsh
700 1 2 _aالإمام مسلم، مسلم بن الحجاج بن مسلم،
_d204-261 هجري.
_iشرح لـ (عمل) :
_tالمسند الصحيح المختصر من السنن بنقل العدل عن العدل عن رسول الله صلى الله عليه وسلم.
700 1 2 _aالنووي، يحيى بن شرف بن مري،
_d631-676 هجري.
_iشرح لـ (عمل) :
_tمنهاج الطالبين وعمدة المفتين.
942 _2ddc
_cBOOK
_n0
949 _aSA-JeALM
_d241019
_umohamedma123
_n1
999 _c1512
_d1512